| 000 | 00522pab a2200193 454500 | ||
|---|---|---|---|
| 008 | 180718b2018 xxu||||| |||| 00| 0 eng d | ||
| 100 | _aDas, Surajit | ||
| 245 | _aCan central banks reduce inflation? evidence from 158 countries | ||
| 260 | _c2018 | ||
| 300 | _ap.100-110. | ||
| 362 | _a31 Mar | ||
| 650 | _aCentral Banks - India | ||
| 650 | _aInflation | ||
| 650 | _aBanks, Central - India | ||
| 650 | _aCentral Banks | ||
| 700 | _aKaur, Manpreet | ||
| 773 | _aEconomic and Political Weekly | ||
| 909 | _a116993 | ||
| 999 |
_c116987 _d116987 |
||